000 00759nam a2200241Ia 4500
003 OSt
005 20220923220842.0
006 a|||||r|||| 00| 0
007 ta
008 220922b |||||||| |||| 00| 0 hin d
024 _a191,335
037 _cTextual
040 _aARTS
_cARTS
_bhin
041 _2hin
_ahin
082 _aV1N4, 152M1;M9(TTW)
100 _aराय, एम. पी.
245 0 _aअन्तरर्राष्टीय संगठन
246 _aAntararrāṣhṭīya sangaṭhana
260 _aजयपुर
_b कालेज बुक डिपांे
_c1989
300 _a430पृ.
_ccm.
942 _hV1N4, 152M1;M9(TTW)
_cTEXL
_2CC
999 _c344042
_d344042